00410nam a2200157Ia 4500001000500000005001700005008004100022041000800063082001800071100002500089245008500114260000900199300002800208650000800236654000800244891120260306160644.0260306t2023||||xx |||||||||||||| ||spa|| aESP a371.0712bS17 aSalkeld, Brett,eAUT 0aEducating for eternity :ba teacher´s companion for making every class catholic c2023 a271 páginas :c21 cm. aGEN aCED